000 00655nam a22001817a 4500
999 _c169883
_d169883
005 20191213164110.0
010 _aA-842582
035 _aA-842582
037 _bBPPD/Pub.
082 _a615.54
100 _aابوالولید محمد ابن رشد
245 _aکیتاب ال کوللیات /
_cابوالولید محمد ابن رشد
246 _aKitab Al -Kulliyat(Urdu)
_bby Abul Waleed Mohammad Ibn Rashd
260 _c1986 ء
_aNew Delhi
_bCentral Council For Research and Unani Medicine
270 _a5, Panchsheel Shopping Center
_bNew Delhi
_e110017
300 _a456p.
_c22cm(Hb)
942 _2ddc
_cUR
_h615.54
_mا ب و